00305pab a2200121 454500008004000000100001900040245004400059260000900103300001300112362001100125650001300136773003400149180718b2014 xxu||||| |||| 00| 0 eng d aPunwani, Jyoti aMyths and prejudices about 'love jihad' c2014 ap.12-15. a18 Oct aMarriage aEconomic and Political Weekly